Préfectures et sous-préfectures d'Auvergne-Rhône-Alpes - Statistiques

Statistiques générales
  • Ce quiz a été pris 685 fois
  • Le résultat moyen est 24 sur 39
Statistiques - réponses
départements (Sous)préfectures % Correct
Rhône (ou Métropole de ...) Lyon
96%
Isère Grenoble
95%
Loire Saint-Etienne
95%
Ain Bourg-en-Bresse
94%
Haute-Savoie Annecy
93%
Savoie Chambéry
92%
Puy-de-Dôme Clermont-Ferrand
92%
Drôme Valence
90%
Haute-Loire Le-Puy-en-Velay
85%
Allier Moulins
85%
Ardèche Privas
85%
Cantal Aurillac
83%
Allier Vichy
73%
Loire Roanne
70%
Allier Montluçon
64%
Isère Vienne
63%
Rhône Villefranche-sur-Saône
60%
Savoie Albertville
57%
Haute-Savoie Thonon-les-Bains
54%
Puy-de-Dôme Issoire
52%
Puy-de-Dôme Riom
52%
Ain Gex
49%
Isère La Tour-du-Pin
48%
Ain Nantua
48%
Puy-de-Dôme Thiers
48%
Loire Montbrison
47%
Haute-Loire Yssingeaux
47%
Cantal Saint-Flour
46%
Savoie Saint-Jean-de-Maurienne
43%
Ain Belley
42%
Haute-Loire Brioude
42%
Drôme Die
42%
Puy-de-Dôme Ambert
40%
Ardèche Tournon-sur-Rhône
38%
Haute-Savoie Bonneville
37%
Cantal Mauriac
37%
Drôme Nyons
35%
Haute-Savoie Saint-Julien-en-Genevois
35%
Ardèche Largentière
31%
Aucun quiz correspondant
Distribution des résultats
% des personnes avec chaque résultat
Percentile par nombre de réponses
Votre historique - résultats
Vous n’avez pas pris ce quiz